000 00472nam a2200169Ia 4500
008 240729s9999 xx 000 0 und d
022 _a2688-4844
245 0 _aWomen's Health Reports
260 _aUnited States
260 _bMary Ann Liebert
650 _a Gynecology and obstetrics | Medicine
650 _a Public aspects of medicine
650 _aMedicine
856 _uhttps://doaj.org/toc/74075e51d82b47babeb0a3f71ee445c3
942 _2ddc
942 _cDOAJEJ
999 _c74815
_d74815
945 _a1
_bMadushi Gamage
_c1
_dMadushi Gamage